Y-2 YAVUZUN KÜPESİ (Record no. 588677)

MARC details
000 -LEADER
sabit uzunluktaki kontrol alanı 00272nam a2200109Ia 4500
001 - KONTROL NUMARASI
kontrol alanı 588677
005 - EN SON İŞLEMİN TARİH VE ZAMANI
kontrol alanı 20250717120836.0
008 - SABİT-UZUNLUKTA VERİ ÖĞELERİ--GENEL BİLGİ
sabit uzunluktaki kontrol alanı 250717s9999 xx 000 0 und d
245 #0 - ESER / YAZAR
ESER ADI Y-2 YAVUZUN KÜPESİ
Yazar Adı ERHAN AFYONCU
260 ## - YAYIN, DAĞITIM, VB.
YAYIN EVİ YEDİTEPE YAYINLARI
Yayın, dağıtım tarihi, vb. 2018
300 ## - FİZİKSEL AÇIKLAMA
Diğer fiziksel ayrıntılar 320

No items available.